000 00533nam a2200217 a 4500
001 0001-2035
003 ELIB.Books
008 190702 2010 eng
020 _aKBTS
092 _a262.1
_bNou
100 _aNouwen, Henri J. M.
245 _aIn The Name of Jesus
260 _aNew York
_bCrossroad
_c2000
300 _a81
650 _aChristian Leadership
856 _nKBTS Library
_uKBTS Elib
942 _2ddc
_cBK
990 _a2
998 _aEnglishbooks.elf
_ccat
_e2019-07-02
999 _c12035
_d12035